[Event "23rd ch-SLO 2013"]
[Site "Sentjur SLO"]
[Date "2013.04.09"]
[Round "4.3"]
[White "Jeran,B"]
[Black "Sebenik,M"]
[Result "1/2-1/2"]
[WhiteElo "2210"]
[BlackElo "2527"]

1.g3 d5 2.Nf3 Bg4 3.Bg2 c6 4.d3 Nf6 5.b3 Nbd7 6.Bb2 e6 7.O-O Bd6 8.Qe1 O-O
9.e4 dxe4 10.dxe4 Bxf3 11.Bxf3 Be5 12.Nc3 b5 13.a4 a6 14.Qe3 Qe7 15.Rfe1 Rfd8
16.Bg2 h6 17.h3 Qc5 18.axb5 axb5 19.Qxc5 Nxc5 20.b4 Na6 21.Reb1 g5 22.Ne2 Bxb2
23.Rxb2 Nc7 24.Rxa8 Nxa8 25.Ra2 Nb6 26.Ra6 Rd1+ 27.Kh2 Nfd7 28.c3 Rd2 29.Bf1 e5
30.Kg2 Rd1 31.Ng1 Rc1 32.Ne2 Rd1 33.Ng1 Rc1 34.Ne2 Rc2 35.f3 Kf8 36.Kf2 Ke7
37.Ke1 Rb2 38.h4 Kd6 39.Bh3 Nc4 40.Bxd7 Kxd7 41.Ra7+ Ke6 42.Rc7 gxh4 43.gxh4 f6
44.Rxc6+ Kf7 45.h5 Ne3 46.Kf2 Nd1+ 47.Ke1 Ne3 48.Kf2  1/2-1/2

[Event "20th TCh-RUS 2013"]
[Site "Loo RUS"]
[Date "2013.04.10"]
[Round "4"]
[White "Mamedov,Rau"]
[Black "Sasikiran,K"]
[Result "0-1"]
[WhiteElo "2662"]
[BlackElo "2663"]

1.Nf3 d5 2.g3 g6 3.Bg2 Bg7 4.c4 c6 5.d4 Nf6 6.Qb3 O-O 7.O-O dxc4 8.Qxc4 Bf5
9.a4 a5 10.Nc3 Na6 11.Ng5 Nd7 12.e4 Bg4 13.h3 Nb6 14.Qb3 Bc8 15.Be3 Bxd4
16.Rad1 e5 17.Nf3 Be6 18.Qc2 Nb4 19.Qb1 c5 20.Nxe5 Bb3 21.Rd2 Re8 22.Nf3 Nc4
23.Rxd4 cxd4 24.Bxd4 Nd2 25.Nxd2 Bc2 26.Qc1 Qxd4 27.Nf3 Qg7 28.Qe3 f6 29.Nd4 Bd3
30.Rd1 Bc4 31.Ndb5 Bb3 32.Rd6 Ra6 33.Rd2 Qe7 34.h4 Rd8 35.h5 Bf7 36.h6 Raa8
37.Nd5 Nxd5 38.exd5 Qxe3 39.fxe3 Rac8 40.d6 Rc1+ 41.Kh2 Bb3 42.Nc3 Rc2 43.Rd4 Kf7
44.g4 f5 45.e4 f4 46.e5 Ke6 47.Kg1 Kxe5 48.Nb5 g5 49.Be4 Rc4  0-1

[Event "20th TCh-RUS 2013"]
[Site "Loo RUS"]
[Date "2013.04.10"]
[Round "4"]
[White "Efimenko,Z"]
[Black "Malakhov,V"]
[Result "1/2-1/2"]
[WhiteElo "2697"]
[BlackElo "2709"]

1.Nf3 d5 2.g3 c6 3.Bg2 Bg4 4.O-O Nd7 5.d3 e6 6.e4 Ne5 7.Nbd2 Nxf3+ 8.Nxf3 dxe4
9.dxe4 Qxd1 10.Rxd1 Nf6 11.Re1 Bxf3 12.Bxf3 Bc5 13.Bf4 O-O-O 14.Rad1 Rxd1
15.Rxd1 Rd8 16.Rxd8+ Kxd8 17.Kf1 b5 18.Ke2 a6 19.Bg2 Nd7 20.Bd2 Ne5 21.b3 Kc7
22.Bc3 f6 23.h3 Ng6 24.h4 Ne5 25.Bh3 Kd7 26.f4 Nf7 27.Kf3 Ke7 28.Bb2 h5 29.g4 hxg4+
30.Bxg4 e5 31.Bc8 exf4 32.Kxf4 a5 33.Bh3 g6 34.e5 Nxe5 35.Bxe5 fxe5+ 36.Kxe5 Bf2
37.Bg2 Kd7 38.Be4 Bg3+ 39.Kd4 Bf2+ 40.Kd3 Bxh4 41.Bxg6  1/2-1/2

[Event "23rd ch-SLO 2013"]
[Site "Sentjur SLO"]
[Date "2013.04.11"]
[Round "6.7"]
[White "Kokol,P"]
[Black "Ivanovic,An"]
[Result "0-1"]
[WhiteElo "2293"]
[BlackElo "2127"]

1.Nf3 d5 2.g3 Nf6 3.Bg2 e6 4.O-O Be7 5.d4 O-O 6.c4 dxc4 7.Qc2 c5 8.dxc5 Bxc5
9.Qxc4 Qe7 10.Nc3 e5 11.Bg5 Be6 12.Bxf6 gxf6 13.Qh4 Nd7 14.Qh6 Rfd8 15.Ne4 Bf5
16.Nh4 Bg6 17.Rad1 Rac8 18.Rxd7 Rxd7 19.Nf5 Bxf5 20.Nxf6+ Kh8 21.Bh3 Bg6
22.Nxd7 Rd8 23.Nxc5 Qxc5 24.Rc1 Qd4 25.Qg5 Qd6 26.Bg4 f6 27.Qe3 Qd2 28.Qc3 Qxc3
29.Rxc3 Rd2 30.Rb3 Bf7 31.Ra3 Rxb2 32.Bf3 Rxa2 33.Rxa2 Bxa2 34.Bxb7 a5 35.Kf1 a4
36.Ke1 a3 37.Kd2 Bc4 38.Kc3 a2 39.Kb2 Kg7 40.e4 Kf8 41.f4 exf4 42.gxf4 Ke7
43.Ka1 Kd6 44.Kb2 Kc5 45.Ka1 Kd4 46.Kb2 h6 47.Ka1 Bf7 48.Kb2 Bg6 49.f5 Bf7
50.Bc6 Ke5 51.Bd7 Bc4 52.Bc6 Bd3 53.Kxa2 Bxe4 54.Bb5 Bxf5 55.Kb2 Kd4 56.Kc1 Ke3
57.Kd1 Bd3 58.Bc6 f5  0-1

[Event "87th ch-ARG 2013"]
[Site "Villa Martelli ARG"]
[Date "2013.04.11"]
[Round "9.20"]
[White "Bertaccini,D"]
[Black "Radoszta,A"]
[Result "1-0"]
[WhiteElo "2176"]
[BlackElo "1998"]

1.Nf3 d5 2.g3 c5 3.Bg2 Nc6 4.d4 Nf6 5.O-O e6 6.c4 dxc4 7.Qa4 Qa5 8.Qxc4 b5
9.Qc3 b4 10.Qc2 Bd7 11.dxc5 Bxc5 12.Nbd2 Qb5 13.a4 bxa3 14.bxa3 Bb6 15.Nc4 O-O
16.Rb1 Qa6 17.Rd1 Ne7 18.Nxb6 axb6 19.Rd6 Rab8 20.Qb2 h6 21.Bxh6 Nf5 22.Bxg7 Nxd6
23.Bxf6 Qb5 24.Qxb5 Nxb5 25.Rb4 Kh7 26.Ne5  1-0

[Event "87th ch-ARG 2013"]
[Site "Villa Martelli ARG"]
[Date "2013.04.11"]
[Round "9.16"]
[White "Villarreal,H"]
[Black "Mansilla,Martin"]
[Result "1-0"]
[WhiteElo "2169"]
[BlackElo "2071"]

1.Nf3 d5 2.g3 c6 3.Bg2 g6 4.O-O Bg7 5.d3 e5 6.Nbd2 Ne7 7.c4 O-O 8.Rb1 f5
9.cxd5 cxd5 10.e4 Kh8 11.Qb3 Na6 12.exd5 Nc5 13.Qa3 Qxd5 14.d4 e4 15.dxc5 exf3
16.Nxf3 Ng8 17.Ng5 Qd7 18.Bf4 Nf6 19.Rbd1 Qb5 20.Rfe1 h6 21.Bf1 Qc6 22.Rd6 Qxd6
23.Bxd6  1-0

[Event "23rd ch-SLO 2013"]
[Site "Sentjur SLO"]
[Date "2013.04.12"]
[Round "8.23"]
[White "Nikolic,Stank"]
[Black "Zoric,D"]
[Result "0-1"]
[WhiteElo "1898"]
[BlackElo "1761"]

1.g3 d5 2.Nf3 Nf6 3.d4 g6 4.Bg2 Bg7 5.c4 c6 6.c5 O-O 7.Nc3 Qa5 8.O-O Qd8
9.Ne5 Nbd7 10.f4 Nxe5 11.fxe5 Ne8 12.e4 e6 13.exd5 exd5 14.Bf4 Be6 15.Qd2 f6
16.exf6 Nxf6 17.Rae1 Qd7 18.Be5 Rae8 19.Bd6 Rf7 20.Rf2 Bf5 21.Rfe2 Rxe2 22.Rxe2 Ne8
23.Be5 Bh3 24.Qe1 Bxg2 25.Kxg2 Qf5 26.Nd1 Nf6 27.Ne3 Qh5 28.h3 Ne4 29.Ng4 Qf5
30.Re3 h5 31.Nf2 Qxf2+ 32.Kh1 Bxe5 33.Rxe4 dxe4 34.Qxe4 Bxd4  0-1

[Event "ch-ISR w 2013"]
[Site "Acre ISR"]
[Date "2013.04.13"]
[Round "8.1"]
[White "Tsifanskaya,L"]
[Black "Len,I"]
[Result "1-0"]
[WhiteElo "2085"]
[BlackElo "2091"]

1.Nf3 d5 2.g3 e6 3.Bg2 f5 4.O-O Nf6 5.d3 Be7 6.Nbd2 O-O 7.e4 c6 8.Qe2 Na6
9.a3 fxe4 10.dxe4 Bc5 11.e5 Nd7 12.Nb3 Bb6 13.Ng5 Rf5 14.h4 Rxe5 15.Qh5 Nf6
16.Qf7+ Kh8 17.Bd2 Re2 18.Bf3 Rxd2 19.Nxd2 e5 20.Rad1 Nc7 21.Nde4 Bf5 22.Nxf6 Qxf6
23.Qxf6 gxf6 24.Nf7+ Kg7 25.Nd6 Bxc2 26.Rd2 Ba4 27.Kg2  1-0

[Event "35th Italian Seniors"]
[Site "Arco ITA"]
[Date "2013.04.13"]
[Round "2.7"]
[White "Laco,G"]
[Black "Garvani,V"]
[Result "1/2-1/2"]
[WhiteElo "2073"]
[BlackElo "1898"]

1.Nf3 d5 2.g3 c6 3.d4 e6 4.Bg2 f5 5.Nbd2 Nf6 6.c4 Bd6 7.a3 O-O 8.c5 Bc7 9.b4 Nbd7
10.Bb2 Ne4 11.Ne5 Ndf6 12.f3 Nxd2 13.Qxd2 Kh8 14.Qg5 Bxe5 15.dxe5 Ng8 16.Qd2 Bd7
17.Bd4 Be8 18.h4 Rc8 19.h5 Rc7 20.Be3 Rd7 21.O-O-O b5 22.Kb2 a5 23.Qd4 Ra7
24.g4 axb4 25.axb4 Qa8 26.Ra1 fxg4 27.Rxa7 Qxa7 28.fxg4 g6 29.Bg5 gxh5 30.Bf6+ Nxf6
31.exf6 Qf7 32.Rf1 Rg8 33.g5 Rxg5 34.Bh3 e5 35.Qe3 h6 36.Rf5 Rxf5 37.Qxh6+ Qh7
38.Qf8+ Qg8 39.Qh6+ Qh7  1/2-1/2

[Event "10th Balagne Rapid Open"]
[Site "Calvi FRA"]
[Date "2013.04.13"]
[Round "5"]
[White "Rapport,R"]
[Black "Bacrot,E"]
[Result "1-0"]
[WhiteElo "2654"]
[BlackElo "2705"]

1.g3 d5 2.Nf3 g6 3.Bg2 Bg7 4.c4 dxc4 5.Qa4+ Nc6 6.O-O e5 7.Nxe5 Bxe5 8.Bxc6+ bxc6
9.Qxc6+ Bd7 10.Qe4 f6 11.f4 Bf5 12.Qc6+ Bd7 13.Qe4 Bf5 14.Qe3 Bh3 15.Rf3 Bg4
16.Rf2 Qd4 17.fxe5 Qxe3 18.dxe3 fxe5 19.Na3 O-O-O 20.Nxc4 Bh3 21.Bd2 Be6
22.Bc3 Bxc4 23.Bxe5 Nh6 24.Rc1 Rhe8 25.Bf4 Ng4 26.Rxc4 Nxf2 27.Rxc7+ Kb8
28.Rxh7+ Ka8 29.Kxf2 Rd2 30.Rg7 Rxb2 31.Rxg6 Rxa2 32.h4 Rb2 33.h5 Rb6 34.Rg5 Rbe6
35.g4 Kb7 36.h6 Kb6 37.h7 Rh8 38.Rg7 a5 39.g5 a4 40.g6 Ree8 41.Rf7  1-0

[Event "15th Dubai Open 2013"]
[Site "Dubai UAE"]
[Date "2013.04.13"]
[Round "6.6"]
[White "Petrosian,TL"]
[Black "Michalik,P"]
[Result "0-1"]
[WhiteElo "2663"]
[BlackElo "2535"]

1.Nf3 d5 2.g3 c6 3.Bg2 Nf6 4.c4 Bg4 5.Ne5 Be6 6.cxd5 Bxd5 7.Nf3 c5 8.Nc3 Bc6
9.O-O e6 10.d3 Be7 11.e4 O-O 12.a4 Bd7 13.e5 Nd5 14.Ne4 Nc6 15.Bg5 Bxg5 16.Nexg5 Qe7
17.Re1 Rfd8 18.Rc1 Be8 19.Rc4 h6 20.Nh3 Ndb4 21.Bf1 Nd4 22.Nxd4 Rxd4 23.Rxd4 cxd4
24.Nf4 g6 25.h4 Rc8 26.Qg4 Kh7 27.Bg2 Bc6 28.Bxc6 Rxc6 29.Qf3 Rc5 30.Re4 Nc6
31.b4 Nxb4 32.Ne2 Nc6 33.Qf4 g5 34.hxg5 hxg5 35.Qg4 Nxe5 36.Qh5+ Kg7 37.Nxd4 Qf6
38.Qd1 Rd5 39.Kg2 Nd7 40.Nf3 Qf5 41.Qa1+ Kg8 42.g4 Qg6 43.Qc3 Qf6 44.d4 Qd8
45.Kh3 Kg7 46.Qe3 Nf8 47.Re5 f6 48.Re4 Ng6 49.Qb3 Nf4+ 50.Rxf4 gxf4 51.Qxb7+ Qd7
52.Qb4 a5 53.Qc4 Qb7 54.Kg2 Kf7 55.Qc2 Kg7 56.Qe4 Qd7 57.Qxf4 Qxa4 58.g5 fxg5
59.Nxg5 Qe8 60.Qc7+ Qd7 61.Qg3 Kf8 62.Qb8+ Ke7 63.Qg8 Rf5 64.Qh7+ Kd6 65.Ne4+ Kc7
66.Qh8 Qc6 67.Qh2+ Kb7 68.Qh4 Rd5 69.Qf6 Kb6 70.f3 Rf5 71.Qd8+ Qc7 72.Qg8 Rf7
73.Qe8 Re7 74.Qa4 Rg7+ 75.Kf2 Qc6 76.Qb3+ Ka7 77.Nc5 Qb6 78.Qc4 e5 79.f4 Qb2+
80.Ke3 Qxd4+ 81.Qxd4 exd4+ 82.Kxd4 Kb6 83.f5 Rf7 84.Na4+ Kb5 85.Nc3+ Kb4
86.f6 Kb3 87.Ne4 Rf8 88.Kd5 Rxf6 89.Nxf6 a4 90.Ne4 a3 91.Nd2+ Kb4 92.Nf1 a2
93.Ne3 Kb3  0-1

[Event "23rd ch-SLO 2013"]
[Site "Sentjur SLO"]
[Date "2013.04.13"]
[Round "8.6"]
[White "Srebrnic,M"]
[Black "Pirs,M2"]
[Result "1-0"]
[WhiteElo "2378"]
[BlackElo "2057"]

1.Nf3 d5 2.g3 Nf6 3.Bg2 g6 4.O-O Bg7 5.d3 O-O 6.Nbd2 c5 7.e4 e6 8.Re1 Nc6
9.c3 b5 10.exd5 exd5 11.Nb3 c4 12.Nbd4 Nxd4 13.Nxd4 Qb6 14.Be3 Qb7 15.a4 bxa4
16.dxc4 Bd7 17.cxd5 Qxb2 18.Nc6 Qxc3 19.Bd4 Qb3 20.Rxa4 Qxd1 21.Rxd1 a5 22.Rda1 Rfe8
23.h3 Re2 24.Rxa5 Rxa5 25.Rxa5 Ne8 26.Be3 Re1+ 27.Kh2 Nd6 28.Ra8+ Be8 29.Bf3 h5
30.Bc5 Bf8 31.Bb4 Bxc6 32.Rxf8+ Kxf8 33.Bxd6+ Ke8 34.dxc6 Rb1 35.Be5 Kd8
36.g4 hxg4 37.hxg4 Rb3 38.Be2 Rb4 39.Ba6  1-0

[Event "10th Balagne Rapid KO"]
[Site "Calvi FRA"]
[Date "2013.04.14"]
[Round "3.2"]
[White "Tkachiev,V"]
[Black "Fressinet,L"]
[Result "1/2-1/2"]
[WhiteElo "2632"]
[BlackElo "2706"]

1.Nf3 d5 2.g3 c6 3.Bg2 Bg4 4.O-O Nd7 5.d3 e5 6.h3 Bh5 7.c4 Ngf6 8.cxd5 cxd5
9.g4 Bg6 10.Nh4 Be7 11.e3 Nc5 12.Nxg6 hxg6 13.Nc3 Ne6 14.f4 exf4 15.exf4 Qb6+
16.d4 Qxd4+ 17.Qxd4 Nxd4 18.g5 Nh5 19.Kh2 O-O 20.Nxd5 Bd6 21.Bd2 Rfe8 22.Rf2 Rac8
23.Bb4 Bxb4 24.Nxb4 Re2 25.Raf1 a5 26.Rxe2 Nxe2 27.Nd5 Rc4 28.f5 Neg3 29.Rf3 Nxf5
30.Rb3 Rc2 31.Kg1 Rc1+ 32.Kf2 Rc2+ 33.Kg1 Rc1+ 34.Kf2 Rc2+  1/2-1/2

[Event "15th Dubai Open 2013"]
[Site "Dubai UAE"]
[Date "2013.04.14"]
[Round "8.22"]
[White "Pantsulaia,L"]
[Black "Nezad,H"]
[Result "1-0"]
[WhiteElo "2556"]
[BlackElo "2400"]

1.Nf3 d5 2.g3 c6 3.c4 Bg4 4.Bg2 e6 5.O-O Nf6 6.d3 dxc4 7.dxc4 Qxd1 8.Rxd1 Nbd7
9.Bf4 h6 10.Nbd2 a5 11.h3 Bh5 12.e4 Nc5 13.g4 Bg6 14.Ne5 Bxe4 15.Nxe4 Nfxe4
16.Rd4 g5 17.Bh2 Nf6 18.Nxc6 Nfd7 19.Rad1 Bg7 20.R4d2 bxc6 21.Bxc6 O-O 22.Bxa8 Rxa8
23.Rxd7 Nxd7 24.Rxd7 Bxb2 25.Bc7 Ra6 26.Rd6 Rxd6 27.Bxd6 f5 28.a4 Kf7 29.f3 e5
30.Kf2 Ke6 31.Bf8 e4 32.fxe4  1-0

[Event "4th LUCOPEN 2013"]
[Site "Lille FRA"]
[Date "2013.04.14"]
[Round "2.7"]
[White "Aguero Jimenez,L"]
[Black "Vaibhav,S"]
[Result "0-1"]
[WhiteElo "2428"]
[BlackElo "2513"]

1.Nf3 d5 2.g3 c6 3.Bg2 Bg4 4.b3 Nd7 5.Bb2 Ngf6 6.O-O e6 7.d3 Bd6 8.Nbd2 O-O
9.h3 Bh5 10.c4 Re8 11.Qc2 a5 12.a3 e5 13.e4 Rc8 14.Nh4 Bg6 15.Rac1 dxe4 16.Nxe4 Nxe4
17.dxe4 Bc5 18.Rcd1 Qe7 19.Kh1 Nf8 20.Nxg6 hxg6 21.f4 exf4 22.gxf4 Rcd8 23.Qc3 Ne6
24.f5 Bd4 25.Qc2 Bxb2 26.fxe6 Bf6 27.Rxd8 Rxd8 28.exf7+ Kxf7 29.e5 Qxe5 30.Be4 Qh5
31.Qg2 Rd4 32.Bf3 Qe5 33.Qe2 Qxe2 34.Bxe2 Rd2 35.Bg4 Rb2 36.Rf3 Ke7 37.Rd3 b6
38.a4 c5 39.Kg1 Bd4+ 40.Kf1 Kf6 41.Ke1 Ke5 42.Bf3 g5 43.Bc6 g4 44.hxg4 Kf4
45.Bf3 Bf2+ 46.Kd1 Be3 47.Bc6 Rb1+ 48.Kc2 Rc1+ 49.Kb2 Rg1 50.Bd7 Rg2+ 51.Kb1 Bd4
52.Bf5 Rh2 53.Kc1 Be3+ 54.Kb1 Bd4 55.Kc1 Rh6 56.Kc2 g6 57.Bd7 Rh7 58.Be6 Ke5
59.Bd5 Kf4 60.Be6 Re7 61.Bc8 Rc7 62.Be6 Re7 63.Bc8 Ke5 64.Rh3 Rf7 65.Rh6 Rf6
66.Bd7 Be3 67.Rh2 Ke4 68.Bc8 Rf1 69.Bb7+ Kf4 70.Rg2 Bd4 71.Re2 Be3 72.Bc6 Rc1+
73.Kb2 Rg1 74.Rg2 Bd4+ 75.Kc2 Re1 76.Kd2 Rb1 77.Re2 Rb2+ 78.Kd1 Rxb3 79.Re6 g5
80.Bb5 Kxg4 81.Rxb6 Kf4 82.Rb7 Ke3 83.Bc6 Rb4 84.Rb5 Rxc4 85.Bd7 Kf3 86.Bc6+ Kf2
87.Rb3 g4 88.Ra3 Rb4 89.Kc1 Bb2+  0-1

[Event "ch-LAT w 2013"]
[Site "Riga LAT"]
[Date "2013.04.14"]
[Round "2.1"]
[White "Rogule,L"]
[Black "Otikova,Elina"]
[Result "1-0"]
[WhiteElo "2306"]
[BlackElo "1926"]

1.Nf3 d5 2.g3 c6 3.Bg2 Bg4 4.d3 Nd7 5.O-O e6 6.Nbd2 Bd6 7.h3 Bh5 8.c4 Ne7
9.b3 O-O 10.Bb2 e5 11.cxd5 cxd5 12.e4 Bxf3 13.Bxf3 d4 14.Nc4 Nb6 15.Nxd6 Qxd6
16.a4 a5 17.Ba3 Qf6 18.Bg4 g6 19.h4 h5 20.Bh3 Rfe8 21.Rc1 Nc6 22.Qd2 Qf3
23.Rc5 Red8 24.Rb5 Ra6 25.Rc1 Qf6 26.Kg2 Kg7 27.Rc2 Rb8 28.Rcc5 Na8 29.Rd5 Nc7
30.Rd6 Ne6 31.Bxe6 fxe6 32.Rd7+ Kg8 33.Qh6 Nb4 34.Qh7+ Kf8 35.Rxb4  1-0

[Event "FSIM April 2013"]
[Site "Budapest HUN"]
[Date "2013.04.15"]
[Round "10.6"]
[White "Keschitz,G"]
[Black "Lyell,M"]
[Result "1/2-1/2"]
[WhiteElo "2213"]
[BlackElo "2245"]

1.Nf3 d5 2.g3 Nc6 3.Bg2 e5 4.d3 Be6 5.O-O f6 6.e4 dxe4 7.dxe4 Qxd1 8.Rxd1 Bc5
9.c3 Nge7 10.Nbd2 O-O-O 11.Re1 a5 12.a4 g5 13.Bf1 Ng6 14.Bc4 Bxc4 15.Nxc4 h5
16.Nfd2 h4 17.Nb3 Ba7 18.Nbxa5 hxg3 19.hxg3 Nxa5 20.Nxa5 Nf4 21.Be3 Bxe3
22.Rxe3 Rd7 23.Ree1 Nd3 24.Red1 g4 25.Nb3 Rdh7 26.Kf1 Nxb2 27.Rdb1 Rh1+ 28.Ke2 Rxb1
29.Rxb1 Nxa4 30.Ra1 Nb6 31.c4  1/2-1/2

[Event "ch-POL w 2013"]
[Site "Chorzow POL"]
[Date "2013.04.15"]
[Round "3.3"]
[White "Majdan,J"]
[Black "Matras Clement,A"]
[Result "1-0"]
[WhiteElo "2383"]
[BlackElo "2274"]

1.Nf3 d5 2.g3 Nf6 3.Bg2 c5 4.O-O Nc6 5.c4 e6 6.cxd5 exd5 7.d4 Be7 8.Nc3 O-O
9.dxc5 Bxc5 10.a3 h6 11.b4 Be7 12.Bb2 Be6 13.Rc1 Rc8 14.Na4 Ne4 15.Nd4 Nxd4
16.Bxd4 b6 17.Rxc8 Qxc8 18.Qa1 Bf6 19.Bxe4 Bxd4 20.Qxd4 dxe4 21.Nc3 Qc4 22.Qxc4 Bxc4
23.Rd1 Rc8 24.Rd2 f5 25.Kg2 Kf8 26.g4 g6 27.gxf5 gxf5 28.Rd6 Kg7 29.Kg3 Ba6
30.Nd5 Bxe2 31.Rd7+ Kf8 32.Rxa7 b5 33.Nc7 Ke7 34.Nxb5+ Kf6 35.Nd4 Bd3 36.Kf4 Rg8
37.Nxf5 Rg2 38.Ng3 Rxf2+ 39.Ke3 Rxh2 40.Nxe4+ Bxe4 41.Kxe4 h5 42.b5 Rb2 43.a4 Ke6
44.Kd4 Kd6 45.Kc4 Rc2+ 46.Kb4 Rc7 47.b6 Rc1 48.Kb5 Rb1+ 49.Ka6 Kc5 50.Rc7+ Kb4
51.b7 Kxa4 52.Rc4+ Ka3 53.Ka7  1-0

[Event "ch-POL 2013"]
[Site "Chorzow POL"]
[Date "2013.04.17"]
[Round "5.4"]
[White "Markowski,T"]
[Black "Kempinski,R"]
[Result "1/2-1/2"]
[WhiteElo "2558"]
[BlackElo "2599"]

1.g3 d5 2.Nf3 g6 3.Bg2 Bg7 4.c4 dxc4 5.Qa4+ Nc6 6.O-O e5 7.Nxe5 Bxe5 8.Bxc6+ bxc6
9.Qxc6+ Bd7 10.Qe4 f6 11.f4 Bf5 12.Qc6+ Bd7 13.Qe4 Bf5 14.Qc6+ Bd7 15.Qe4 Bf5
16.Qc6+  1/2-1/2

[Event "4th LUCOPEN 2013"]
[Site "Lille FRA"]
[Date "2013.04.17"]
[Round "6.16"]
[White "Aguero Jimenez,L"]
[Black "Adrien,V"]
[Result "1-0"]
[WhiteElo "2428"]
[BlackElo "1984"]

1.Nf3 d5 2.g3 c5 3.Bg2 Nf6 4.O-O Nc6 5.d4 e6 6.c4 dxc4 7.Ne5 Nxe5 8.dxe5 Qxd1
9.Rxd1 Nd7 10.f4 Rb8 11.a4 Be7 12.Na3 c3 13.bxc3 f6 14.Nb5 fxe5 15.Nxa7 exf4
16.Bxf4 e5 17.Bc1 c4 18.Nxc8 Rxc8 19.Bxb7 Rc7 20.Bd5 Bc5+ 21.Kh1 Ba7 22.Ba3 Nf6
23.Bd6 Rc8 24.Bb7 Rd8 25.Bxe5 Kf7 26.Ba6 Ng4 27.Bxc4+ Kg6 28.Rd6+ Kh5 29.Rxd8 Rxd8
30.Bxg7 Rd7 31.Bd4 Bxd4 32.cxd4 Rxd4 33.Bf7+ Kg5 34.a5 Kf6 35.Bh5  1-0

[Event "4th LUCOPEN 2013"]
[Site "Lille FRA"]
[Date "2013.04.17"]
[Round "7.25"]
[White "Leruste,G"]
[Black "De Lagontrie,J"]
[Result "1-0"]
[WhiteElo "2167"]
[BlackElo "1874"]

1.Nf3 d5 2.g3 c5 3.Bg2 Nc6 4.d4 cxd4 5.Nxd4 e5 6.Nxc6 bxc6 7.c4 Bb4+ 8.Nc3 Bxc3+
9.bxc3 Ne7 10.cxd5 cxd5 11.c4 Bb7 12.Rb1 Bc6 13.Ba3 Qa5+ 14.Bb4 Qxa2 15.Bxe7 Kxe7
16.cxd5 Rhd8 17.e4 Qa5+ 18.Qd2 Qxd2+ 19.Kxd2 a6 20.f4 f6 21.fxe5 fxe5 22.Rb6 Bb5
23.Re6+ Kf7 24.Rxe5 Rac8 25.Bh3 Rc5 26.Be6+ Kf6 27.Rf5+ Kg6 28.Bf7+ Kh6 29.Rh5+  1-0

[Event "4th LUCOPEN 2013"]
[Site "Lille FRA"]
[Date "2013.04.17"]
[Round "7.2"]
[White "Pelletier,Y"]
[Black "Gozzoli,Y"]
[Result "1/2-1/2"]
[WhiteElo "2604"]
[BlackElo "2525"]

1.Nf3 d5 2.g3 c6 3.Bg2 Bg4 4.c4 e6 5.O-O Nd7 6.cxd5 exd5 7.d3 Ngf6 8.Nc3 Be7
9.h3 Bxf3 10.Bxf3 d4 11.Ne4 Nxe4 12.Bxe4 O-O 13.Qc2 a5 14.Bg2 Re8 15.e4 dxe3
16.Bxe3 Bg5 17.Bxg5 Qxg5 18.d4 Qb5 19.Rfe1 Nf6 20.a3 Rad8  1/2-1/2

[Event "Renova FIDE GP Zug"]
[Site "Zug SUI"]
[Date "2013.04.18"]
[Round "1.1"]
[White "Morozevich,A"]
[Black "Kasimdzhanov,R"]
[Result "1-0"]
[WhiteElo "2758"]
[BlackElo "2709"]

1.g3 d5 2.Nf3 Bg4 3.Bg2 Nd7 4.h3 Bxf3 5.Bxf3 Ngf6 6.d3 c6 7.Nd2 g6 8.e4 Bg7
9.Qe2 Qc7 10.Bg2 O-O 11.O-O e5 12.b3 Rfe8 13.Bb2 Rad8 14.Rfe1 d4 15.h4 Nc5
16.Bh3 b5 17.Nf3 a5 18.Bc1 a4 19.Bd2 Ra8 20.b4 Ne6 21.Rac1 Rad8 22.Ng5 Nf8
23.c4 dxc3 24.Rxc3 N6d7 25.Rec1 Nb8 26.a3 h6 27.Nf3 Ne6 28.Be3 Rd6 29.Qd2 Kh7
30.Kg2 Red8 31.Rh1 Qe7 32.Bb6 Re8 33.Rhc1 Qb7 34.Be3 Qe7 35.Qa2 Kh8 36.Qc2 Kg8
37.Qe2 Kh8 38.Kh2 Kg8 39.h5 g5 40.Ne1 Kh8 41.Ng2 Kg8 42.Bc5 Nxc5 43.Rxc5 Red8
44.Ne3 Qa7 45.R5c3 Rf6 46.Nf5 Re8 47.Qe3 Qxe3 48.fxe3 Bf8 49.Bg2 Ree6 50.d4 exd4
51.exd4 g4 52.Rf1 Nd7 53.Rf4  1-0

[Event "ch-POL 2013"]
[Site "Chorzow POL"]
[Date "2013.04.19"]
[Round "7.5"]
[White "Piorun,K"]
[Black "Grabarczyk,M"]
[Result "1/2-1/2"]
[WhiteElo "2529"]
[BlackElo "2452"]

1.Nf3 d5 2.g3 Nf6 3.Bg2 c6 4.c4 Bf5 5.cxd5 cxd5 6.Qb3 Qb6 7.Nc3 Qxb3 8.axb3 Nc6
9.d3 Bg4 10.O-O e6 11.Be3 Bxf3 12.Bxf3 Bd6 13.Bg2 Kd7 14.h3 Rhc8 15.f4 Nb4
16.Ra4 a6 17.Bb6 Rc6 18.Bf2 Rac8 19.e4 b5 20.Raa1 dxe4 21.dxe4 e5 22.Rad1 Ke7
23.Nd5+ Nbxd5 24.exd5 Rc2 25.fxe5 Bxe5 26.d6+ Bxd6 27.Rfe1+ Kd7 28.b4 Kc7
29.Bb6+ Kxb6 30.Rxd6+ Ka7 31.Re3 Re8 32.Ra3 Re1+ 33.Kh2 Ree2 34.Raxa6+ Kb8
35.Rdb6+ Kc7 36.Rb7+ Kd8 37.Ra8+ Rc8 38.Rxc8+ Kxc8 39.Rxf7 Rxb2 40.Rxg7 Nd5
41.Kg1 Rb1+ 42.Kf2 Rb2+ 43.Kf3 Rxb4 44.Rxh7 Rb3+ 45.Kf2 Rb2+ 46.Kg1 Rb1+
47.Kh2 Rb2 48.Rh8+ Kd7 49.Kg1 Rb1+ 50.Kf2 Rb2+ 51.Kf3 b4 52.h4 b3 53.Bh3+ Kd6
54.Bf5 Rh2 55.h5 b2 56.h6 Ke5 57.g4 Rh3+ 58.Kf2 Nf6 59.Kg2 Rh4 60.Rb8 Kf4
61.h7 Nxh7 62.Rxb2 Nf6 63.Rb4+ Kg5 64.Kg3 Rh1 65.Be6 Rg1+ 66.Kf3 Rf1+ 67.Kg2 Re1
68.Bf5 Re3 69.Kf2 Rc3 70.Rd4 Rb3 71.Be6 Rc3 72.Ra4 Rd3 73.Ra5+ Kh4 74.g5 Ne4+
75.Ke2 Rd6 76.Bf5 Nxg5 77.Ra4+ Kh5  1/2-1/2

[Event "ch-POL 2013"]
[Site "Chorzow POL"]
[Date "2013.04.19"]
[Round "7.1"]
[White "Dragun,K"]
[Black "Bartel,Mat"]
[Result "0-1"]
[WhiteElo "2492"]
[BlackElo "2619"]

1.Nf3 d5 2.g3 g6 3.Bg2 Bg7 4.d4 c6 5.O-O Nf6 6.c4 dxc4 7.a4 Ne4 8.Qc2 Nd6
9.Nbd2 Be6 10.Ng5 Qc8 11.Nde4 Nxe4 12.Qxe4 Bf5 13.Qf4 h6 14.Nf3 g5 15.Qd2 Nd7
16.Qc3 Be6 17.e4 Nc5 18.Ne5 Nb3 19.Rb1 Qc7 20.f4 O-O-O 21.Be3 gxf4 22.gxf4 Bxe5
23.fxe5 Rhg8 24.Rf2 Qd7 25.Kh1 Nxd4 26.Rd2 c5 27.b4 Qxa4 28.bxc5 Nb5 29.Qb2 c3
30.Qxb5 Qxb5 31.Rxd8+ Rxd8 32.Rxb5 Rd1+  0-1

[Event "ch-POL w 2013"]
[Site "Chorzow POL"]
[Date "2013.04.19"]
[Round "7.4"]
[White "Przezdziecka,M"]
[Black "Rajlich,I"]
[Result "0-1"]
[WhiteElo "2286"]
[BlackElo "2406"]

1.Nf3 d5 2.g3 c6 3.d4 Bf5 4.Bg2 e6 5.O-O Nd7 6.Nbd2 Ngf6 7.b3 Be7 8.Bb2 Ne4
9.c4 O-O 10.Ne1 Nxd2 11.Qxd2 a5 12.Nd3 Qb6 13.c5 Qb5 14.Rad1 b6 15.cxb6 Rfb8
16.Nc5 Nxc5 17.dxc5 Bxc5 18.g4 Bg6 19.h4 h6 20.h5 Bh7 21.g5 Qb4 22.Qc1 Bxb6
23.g6 fxg6 24.Qxc6 Qe7 25.hxg6 Bxg6 26.Bxd5 exd5 27.Qxg6 d4 28.Bxd4 Bxd4
29.Rxd4 Rb5 30.Rg4 Re5 31.e3 Re6 32.Qd3 Rd8 33.Qc4 Kh8 34.Rc1 Re5 35.Kf1 Qd7
36.Qc7 Qb5+ 37.Kg1 Rg8 38.Rc6 Rg5 39.Rxg5 Qxg5+ 40.Qg3 Qf5 41.Rc1 Rd8 42.Qf4 Qg6+
43.Qg3 Qf5 44.Qf4 Qg6+ 45.Qg3 Qh5 46.e4 Qe2 47.Qf4 Qxa2 48.Qf5 Qxb3 49.Qxa5 Rf8
50.Qc3 Qe6 51.e5 Qf5 52.Qg3 Re8 53.Rc7 Qxe5 54.Qxe5 Rxe5 55.Kg2 Rg5+ 56.Kh3 Kh7
57.Rc6 Rg1 58.Kh2 Rg6 59.Rc7 h5 60.Rc5 Kh6 61.Ra5 Rg5 62.Ra6+ g6 63.Ra4 Rf5
64.Kg3 Rg5+ 65.Kh3 Rg1 66.Kh2 Rg4 67.Ra5 h4 68.Kh3 Rf4 69.Kg2 Rf8 70.Rb5 g5
71.Ra5 g4 72.Rb5 Kg6 73.Ra5 Rf5 74.Ra8 Kg5 75.Rb8 h3+ 76.Kg1 Re5 77.Rg8+ Kf4
78.Rf8+ Ke4 79.Ra8 Rd5 80.Re8+ Kf4 81.Rf8+ Ke4 82.Re8+ Re5 83.Ra8 Kf3 84.Rf8+ Ke4
85.Rg8 Kf5 86.Rf8+ Kg5 87.Rg8+ Kf4 88.Rf8+ Rf5 89.Ra8 Rf7 90.Ra4+ Kg5 91.Ra8 Rf4
92.Rb8 Re4 93.Rg8+ Kf4 94.Rf8+ Kg5 95.Rg8+ Kf5 96.Rf8+ Ke5 97.f3 Re1+ 98.Kf2 Ra1
99.Rh8 Ra2+ 100.Kg1 Kf4 101.Rh4 Kxf3  0-1

[Event "TCh-AUT 2 Mitte 2012-13"]
[Site "Fuerstenfeld AUT"]
[Date "2013.04.19"]
[Round "9.5"]
[White "Humer,W"]
[Black "Stagl,M"]
[Result "1-0"]
[WhiteElo "2268"]
[BlackElo "2079"]

1.Nf3 d5 2.g3 Nf6 3.Bg2 c6 4.O-O Bg4 5.d3 Nbd7 6.Nbd2 e5 7.h3 Bh5 8.e4 dxe4
9.dxe4 Bc5 10.Qe2 O-O 11.Rd1 Re8 12.Nf1 Qc7 13.c3 a5 14.g4 Bg6 15.Ng3 Nf8
16.Nh4 Ne6 17.g5 Nf4 18.Qf3 Nd7 19.Bf1 Nf8 20.Nxg6 hxg6 21.Be3 N8e6 22.h4 Rad8
23.a4 Rxd1 24.Rxd1 Rd8 25.Bc4 Qb6 26.Rb1 Bxe3 27.fxe3 Rd2 28.Nf1 Rxb2 29.Rxb2 Qxb2
30.exf4 Nxf4 31.h5 gxh5 32.g6 b5 33.axb5 cxb5 34.Bxf7+ Kf8 35.Bd5 a4 36.Qf2 a3
37.Qc5+ Ke8 38.Qc8+ Ke7 39.Qc7+ Kf6 40.Qd6+ Kg5 41.Qxe5+ Kg4 42.Nh2+ Kh3
43.Qf5+  1-0

[Event "TCh-AUT 2 Mitte 2012-13"]
[Site "Fuerstenfeld AUT"]
[Date "2013.04.19"]
[Round "9.4"]
[White "Kranzl,P"]
[Black "Petschar,K"]
[Result "0-1"]
[WhiteElo "2239"]
[BlackElo "2295"]

1.Nf3 d5 2.g3 Nf6 3.Bg2 Bf5 4.O-O c6 5.b3 Nbd7 6.Bb2 e6 7.d3 Bc5 8.c4 O-O
9.Nc3 Qe7 10.h3 h6 11.Re1 d4 12.Nb1 e5 13.Qc1 a5 14.a4 Rfe8 15.g4 Bh7 16.g5 hxg5
17.Nxg5 Bg6 18.Nd2 Nh5 19.Ndf3 Nf4 20.h4 Bb4 21.Ba3 Bxe1 22.Qxe1 c5 23.Nd2 Nxg2
24.Kxg2 b6 25.Qh1 Nf6 26.Rg1 e4  0-1

[Event "Russian Juniors 2013"]
[Site "Loo RUS"]
[Date "2013.04.19"]
[Round "4"]
[White "Pakhomov,E"]
[Black "Oparin,G"]
[Result "1/2-1/2"]
[WhiteElo "2454"]
[BlackElo "2496"]

1.Nf3 d5 2.g3 Nf6 3.Bg2 c6 4.c4 dxc4 5.O-O Nbd7 6.Qc2 Nb6 7.Na3 g6 8.Nxc4 Nxc4
9.Qxc4 Bg7 10.d3 O-O 11.Qh4 Bg4 12.Bg5 Bxf3 13.Bxf3 Re8 14.Rab1 Nd5 15.a3 a5
16.Bd2 Nc7 17.Rfc1 Ne6 18.Bc3 Qd6 19.Qc4 Bxc3 20.Rxc3 Nd4 21.Kg2 Qf6 22.Re1 Red8
23.Be4 Nb5 24.Rc2 Nd6 25.Qa4 b5 26.Qb3 Nxe4 27.dxe4 a4 28.Qe3 Rac8 29.Rec1 Qe6
30.Rc3 Rd6 31.Rd3 Rcd8 32.Rcc3 h5 33.h4 R8d7 34.Kh2 Kh7 35.Kg2 Kg8 36.Kh2 Kh7
37.Kg2 Kg8 38.Kh2 Kh7  1/2-1/2